000 00638cab a2200217 4500
001 WB2642-08
008 090401t1990 xxu||||| |||| 00| 0 eng d
035 _a(Sirsi) u2806
041 _aeng
245 _aRecession -bound Britain feels the squeeze
260 _c1990
350 _a0
490 _aFinancial Times
_v20/10/90 p8(3)
520 _aLooks at the effects the recession is having on the economy in various parts of Britain including Cambridge , Birmingham and Bristol .
650 _aECONOMIC FACTORS
650 _aINVESTMENT
650 _aSLUMP
690 _aECONOMIC AND SOCIAL
942 _n0
948 _c04/03/1997
999 _c1687
_d1687